| 000 | 01250nam a2200229Ia 4500 | ||
|---|---|---|---|
| 003 | Ost | ||
| 005 | 20260416102350.0 | ||
| 008 | 260416s9999||||xx |||||||||||||| ||und|| | ||
| 040 | _cfsecg | ||
| 041 | _aara | ||
| 082 | _a519.53 | ||
| 100 |
_aوارزقي، ميلود _eمؤلف |
||
| 245 | 0 |
_aالإحصاء الوصفي والإحتمالات : _bدروس وأمثلة محلولة / _c ميلود وارزقي |
|
| 260 |
_aالجزائر _bجامعة الجزائر3: كلية العلوم الإقتصادية، العلوم التجارية وعلوم التسيير _c2015 |
||
| 300 |
_a189 ورقة _bايضاحات _c30 سم |
||
| 504 | _aمراجع ص.188 | ||
| 520 | _aجمع البيانات وتبويبها، مقاييس النزعة المركزية، مقاييس التشتت، الارتباط والانحدار الخطي البسيط ، الاحتمالات وتطبيقاتها ، المتغيرات العشوائية والتوزيعات الاحتمالية | ||
| 653 | _aالاحتمالات | ||
| 653 | _aالاحصاء الوصفي | ||
| 710 |
_aجامعة الجزائر3: كلية العلوم الإقتصادية، العلوم التجارية وعلوم التسيير _eناشر علمي |
||
| 942 | _cHANDOUT | ||
| 999 |
_c40982 _d40982 |
||